000 nam a22 7a 4500
999 _c9154
_d9154
008 180123b ||||| |||| 00| 0 eng d
100 _aNCERT
_95424
245 _aVistas Reader in english for XII
260 _aNew Delhi
_bNCERT
_c2006